000 00582nam a2200169 4500
001 140051
003 ES-MaACL
005 20230906200004.0
007 t|
008 070214s1973 sp r ||||1| spa d
245 0 0 _aForma y propósito del Nuevo Testamento
_b: introducción a su problemática /
_cdirigida por Josef Schreiner ; versión de Alejandro Esteban Lator Ros.
260 _aBarcelona :
_bHerder,
_c1973.
300 _a474 p. ;
_c22 cm.
700 1 _aSchreiner, Josef.
_9104699
700 1 _aLator Ros, Alejandro Esteban.
_970527
852 _aES-MaACL
_jC-53309
_bR.86174
999 _c140051
_d140051